000 00677nam0a22002531 4500
001 RU\NLR\INFOCOMM17\ROSSICA\1000308250
005 20250613193454.0
035 _a(NLR Aleph) 009973020
090 _a9656880
_c9656880
100 _a20031003d1905 |||y0rusy50 ca
101 0 _ager
102 _aRU
105 _ay ||||000ay
200 1 _aÜber die Lebensweisheit der Grimmischen Kinder-und Hausmärchen
_fTantzscher, R.
210 _aSt.Petersburg
_d1905
215 _d
700 1 _aTantzscher
_bR.
_4070
801 1 _aRU
_bInfoComm
_c20031003
801 0 _aRU
_bNLR
_gPSBO
852 _aNLR
_j21.1.5.79
942 _cBOOK
980 _aNB
980 _aRossica